000 00210 a2200109 4500
020 _a9781841487762
041 _aspa
100 _aBlackstone, Stella
245 _aOso en la Cuidad
942 _cBK
952 _74
999 _c20714
_d20714